<?xml version="1.0" encoding="UTF-8"?>
<record
    xmlns:xsi="http://www.w3.org/2001/XMLSchema-instance"
    xsi:schemaLocation="http://www.loc.gov/MARC21/slim http://www.loc.gov/standards/marcxml/schema/MARC21slim.xsd"
    xmlns="http://www.loc.gov/MARC21/slim">

  <leader>01754cam a2200289   4500500</leader>
  <controlfield tag="005">20251228073442.0</controlfield>
  <datafield tag="041" ind1=" " ind2=" ">
    <subfield code="a">fre</subfield>
  </datafield>
  <datafield tag="042" ind1=" " ind2=" ">
    <subfield code="a">dc</subfield>
  </datafield>
  <datafield tag="100" ind1="1" ind2="0">
    <subfield code="a">Brient, Pierrick</subfield>
    <subfield code="e">author</subfield>
  </datafield>
  <datafield tag="245" ind1="0" ind2="0">
    <subfield code="a">L'amant mur&#xE9;. </subfield>
  </datafield>
  <datafield tag="260" ind1=" " ind2=" ">
    <subfield code="c">2008.
							</subfield>
  </datafield>
  <datafield tag="500" ind1=" " ind2=" ">
    <subfield code="a">40</subfield>
  </datafield>
  <datafield tag="520" ind1=" " ind2=" ">
    <subfield code="a">R&#xE9;sum&#xE9;Le conte &#xAB;&#xA0;La Grande Bret&#xE8;che&#xA0;&#xBB;, lent d&#xE9;voilement d&#x2019;un lieu mur&#xE9; o&#xF9; r&#xE8;gne l&#x2019;horreur qui subsiste au crime, m&#xE9;taphorise ce qui oriente l&#x2019;&#xE9;criture pour Balzac. L&#x2019;espace connot&#xE9; du sexuel vers lequel est tendu l&#x2019;&#xE9;criture r&#xE9;v&#xE8;le, au-del&#xE0; de la logique phallique, la place de la Chose, vers la dignit&#xE9; de laquelle la sublimation &#xE9;l&#xE8;ve un objet. L&#x2019;&#xE9;crivain nous fait ainsi savoir, &#xE0; son insu, comment la litt&#xE9;rature, par l&#x2019;interm&#xE9;diaire du fantasme, permet de jouir de la Chose tout en maintenant une barri&#xE8;re.</subfield>
  </datafield>
  <datafield tag="520" ind1=" " ind2=" ">
    <subfield code="a">The short-story, &#xAB;&#xA0;La grande Bret&#xE8;che&#xA0;&#xBB;, as the slow disclosure of a pent-up place where the horror that lingers after a crime still prevails, is a metaphor of what fuels Balzac&#x2019;s writing act. The sexually connoted space aimed at by the writing act unveils, beyond the phallic logic, the place of the Thing, towards which sublimation drives the object. The author, unwillingly, reveals how literature, through fantasy, allows a jouissance of the Thing, while maintaining a barrier</subfield>
  </datafield>
  <datafield tag="690" ind1=" " ind2=" ">
    <subfield code="a">Balzac</subfield>
  </datafield>
  <datafield tag="690" ind1=" " ind2=" ">
    <subfield code="a">chose</subfield>
  </datafield>
  <datafield tag="690" ind1=" " ind2=" ">
    <subfield code="a">crime</subfield>
  </datafield>
  <datafield tag="690" ind1=" " ind2=" ">
    <subfield code="a">&#xE9;criture</subfield>
  </datafield>
  <datafield tag="690" ind1=" " ind2=" ">
    <subfield code="a">sublimation</subfield>
  </datafield>
  <datafield tag="690" ind1=" " ind2=" ">
    <subfield code="a">Balzac</subfield>
  </datafield>
  <datafield tag="690" ind1=" " ind2=" ">
    <subfield code="a">crime</subfield>
  </datafield>
  <datafield tag="690" ind1=" " ind2=" ">
    <subfield code="a">sublimation</subfield>
  </datafield>
  <datafield tag="690" ind1=" " ind2=" ">
    <subfield code="a">the Thing</subfield>
  </datafield>
  <datafield tag="690" ind1=" " ind2=" ">
    <subfield code="a">writing</subfield>
  </datafield>
  <datafield tag="786" ind1="0" ind2=" ">
    <subfield code="n">Savoirs et clinique | 9 | 1 | 2008-06-23 | p. 64-68 | 1634-3298</subfield>
  </datafield>
  <datafield tag="856" ind1="4" ind2="1">
    <subfield code="u">https://shs.cairn.info/revue-savoirs-et-cliniques-2008-1-page-64?lang=fr&amp;redirect-ssocas=7080</subfield>
  </datafield>
  <datafield tag="999" ind1=" " ind2=" ">
    <subfield code="c">1595253</subfield>
    <subfield code="d">1595253</subfield>
  </datafield>
</record>
